[Event "Eger Agria op"]
[Site "Eger"]
[Date "2004.07.19"]
[Round "3"]
[White "Pota, Lajos"]
[Black "Horvath, Lajos"]
[Result "1/2-1/2"]
[WhiteElo "1961"]
[BlackElo "2132"]
[PlyCount "65"]
[EventDate "2004.07.17"]
[EventType "swiss"]
[EventRounds "9"]
[EventCountry "HUN"]
[SourceTitle "EXT 2008"]
[Source "ChessBase"]
[SourceDate "2007.11.25"]
[SourceVersion "1"]
[SourceVersionDate "2007.11.25"]
[SourceQuality "1"]

1. d4 Nf6 2. c4 g6 3. Nc3 d5 4. cxd5 Nxd5 5. e4 Nxc3 6. bxc3 Bg7 7. Bc4 c5 8. Qb3 0-0 9. Ne2 cxd4 10. cxd4 Nc6 11. Be3 Nxd4 12. Nxd4 Bxd4 13. Rd1 Qa5+ 14. Bd2 Qe5 15. 0-0 Bg4 16. Rc1 b6 17. Bb4 Bc5 18. Bxc5 bxc5 19. f3 Bd7 20. Qb7 Rfd8 21. Rfd1 Qg5 22. Qd5 Qe3+ 23. Kh1 Be6 24. Qxd8+ Rxd8 25. Rxd8+ Kg7 26. Rdd1 Bxc4 27. Rxc4 Qe2 28. Rdc1 Qxa2 29. Rxc5 a5 30. h3 a4 31. R5c2 Qa3 32. Rc3 Qa2 33. R3c2 1/2-1/2

[Event "Eger Agria op"]
[Site "Eger"]
[Date "2004.07.18"]
[Round "2"]
[White "Horvath, Lajos"]
[Black "Hollenstein, Walter"]
[Result "1/2-1/2"]
[WhiteElo "2132"]
[BlackElo "1923"]
[PlyCount "23"]
[EventDate "2004.07.17"]
[EventType "swiss"]
[EventRounds "9"]
[EventCountry "HUN"]
[SourceTitle "EXT 2008"]
[Source "ChessBase"]
[SourceDate "2007.11.25"]
[SourceVersion "1"]
[SourceVersionDate "2007.11.25"]
[SourceQuality "1"]

1. e4 d5 2. exd5 Qxd5 3. Nc3 Qa5 4. d4 Nf6 5. Bc4 Nc6 6. Nge2 Bg4 7. f3 Bh5 8. g4 Bg6 9. h4 h5 10. g5 Nd7 11. Bd2 Qb4 12. b3 1/2-1/2

[Event "Zalakaros op 23rd"]
[Site "Zalakaros"]
[Date "2004.05.17"]
[Round "4"]
[White "Rezsek, Gyozo"]
[Black "Horvath, Lajos"]
[Result "1-0"]
[WhiteElo "2150"]
[BlackElo "2023"]
[PlyCount "118"]
[EventDate "2004.05.14"]
[EventType "swiss"]
[EventRounds "9"]
[EventCountry "HUN"]
[SourceTitle "EXT 2008"]
[Source "ChessBase"]
[SourceDate "2007.11.25"]
[SourceVersion "1"]
[SourceVersionDate "2007.11.25"]
[SourceQuality "1"]

1. d4 d5 2. c4 e6 3. Nc3 Nf6 4. Nf3 dxc4 5. Qa4+ Nbd7 6. Qxc4 c5 7. Bg5 cxd4 8. Nb5 Nc5 9. b4 Na6 10. a3 Be7 11. Nbxd4 Nd5 12. Bxe7 Qxe7 13. e4 Nb6 14. Qc2 Nc7 15. Rc1 Bd7 16. Bd3 Rc8 17. Qe2 0-0 18. 0-0 e5 19. Nb3 Ne6 20. g3 Ng5 21. Nxg5 Qxg5 22. Rc5 Rxc5 23. bxc5 Na4 24. Rc1 Rc8 25. Bb5 Nb6 26. Bxd7 Nxd7 27. Qb5 Rc7 28. Rd1 Qe7 29. Rc1 h6 30. a4 Qg5 31. h4 Qd8 32. Rd1 Qc8 33. Rc1 b6 34. c6 Nb8 35. Qxe5 Rxc6 36. Rd1 Nd7 37. Qe7 Rc7 38. f3 Kh7 39. Qxf7 Nc5 40. Qc4 Qh3 41. Kf2 Qh2+ 42. Ke3 Qxg3 43. Nd4 Nxe4 44. Qe6 Nd6 45. Ne2 Qe5+ 46. Qxe5 Nc4+ 47. Kd4 Nxe5 48. Kxe5 Re7+ 49. Kf5 Rxe2 50. Rd7 a6 51. Ra7 a5 52. Rb7 Ra2 53. Rxb6 Rxa4 54. f4 Rb4 55. Ra6 g6+ 56. Ke5 Rb5+ 57. Ke6 h5 58. Ra8 Kh6 59. Kf7 Rf5+ 1-0

[Event "Zalakaros op 23rd"]
[Site "Zalakaros"]
[Date "2004.05.15"]
[Round "2"]
[White "Koban, Balint"]
[Black "Horvath, Lajos"]
[Result "0-1"]
[WhiteElo "1593"]
[BlackElo "2023"]
[PlyCount "118"]
[EventDate "2004.05.14"]
[EventType "swiss"]
[EventRounds "9"]
[EventCountry "HUN"]
[SourceTitle "EXT 2008"]
[Source "ChessBase"]
[SourceDate "2007.11.25"]
[SourceVersion "1"]
[SourceVersionDate "2007.11.25"]
[SourceQuality "1"]

1. e4 e6 2. d4 d5 3. Nc3 dxe4 4. Nxe4 Nf6 5. Bg5 Be7 6. Bxf6 Bxf6 7. Nf3 Bd7 8. c3 a6 9. Bc4 Bc6 10. Qd3 Nd7 11. 0-0 Nb6 12. Bb3 0-0 13. Rfe1 Bxe4 14. Qxe4 c6 15. Bc2 g6 16. Bb3 Nd5 17. Rad1 Qc7 18. Ne5 Rad8 19. Qf3 Bg7 20. Re4 Nf6 21. Re3 Rd6 22. Qh3 Rfd8 23. Qh4 Nh5 24. Re4 c5 25. h3 f5 26. Nxg6 fxe4 27. Qxh5 hxg6 28. Qxg6 Qc6 29. h4 c4 30. Bc2 e5 31. Qg4 Rg6 32. Qf5 Rf6 33. Qg4 Rf4 34. Qg5 Qf6 35. Qg3 Qxh4 36. Qe3 Rd6 37. g3 Qg4 38. Kf1 Qh3+ 39. Ke1 Qh1+ 40. Kd2 exd4 41. cxd4 Rxd4+ 42. Kc1 Rxd1+ 43. Bxd1 Rf6 44. Qc5 Bh6+ 45. Kc2 Qe1 46. Qxc4+ Kh8 47. Qc8+ Rf8 48. Qc3+ Qxc3+ 49. Kxc3 Rxf2 50. g4 e3 51. Kd3 Rd2+ 52. Kc3 Rxd1 53. g5 Bxg5 54. b4 e2 55. b5 e1Q+ 56. Kb3 Qe3+ 57. Kc4 Qd4+ 58. Kb3 Rd3+ 59. Kc2 Qc3+ 0-1

[Event "HUN-chT2 9900"]
[Site "Hungary"]
[Date "2000.02.13"]
[Round "7"]
[White "Kovacs, Istvan"]
[Black "Horvath, Lajos"]
[Result "1-0"]
[WhiteElo "2236"]
[BlackElo "2185"]
[PlyCount "115"]
[EventDate "1999.09.26"]
[EventType "team"]
[EventRounds "11"]
[EventCountry "HUN"]
[SourceTitle "EXT 2002"]
[Source "ChessBase"]
[SourceDate "2001.11.25"]
[SourceVersion "1"]
[SourceVersionDate "2001.11.25"]
[SourceQuality "1"]

1. Nf3 d5 2. c4 d4 3. d3 Nf6 4. g3 Nc6 5. Bg2 e5 6. 0-0 Bd6 7. Na3 0-0 8. Nc2 Re8 9. Rb1 a5 10. a3 a4 11. b4 axb3 12. Rxb3 Na5 13. Rb1 c5 14. Ng5 Qc7 15. Bd2 Nc6 16. Rb5 h6 17. Ne4 Nxe4 18. Bxe4 f5 19. Bd5+ Be6 20. Qb1 Bxd5 21. cxd5 Nd8 22. Qb3 e4 23. e3 exd3 24. Qxd3 Qf7 25. exd4 Qxd5 26. Ne3 Qxd4 27. Qxd4 cxd4 28. Nc4 Bf8 29. Rxf5 Nc6 30. Rb5 Bxa3 31. Rxb7 Bf8 32. Bf4 Ra4 33. Nb2 Rb4 34. Rxb4 Bxb4 35. Nd3 Bc3 36. h4 Ra8 37. Kg2 Kf7 38. Rb1 Ke6 39. Rb7 Ra7 40. Rb5 Ra5 41. Rxa5 Nxa5 42. h5 Nc6 43. Kf3 Kd5 44. Ke2 Ba5 45. f3 Bd8 46. g4 Be7 47. Bd2 Nd8 48. Ba5 Ne6 49. Be1 Bd6 50. Bh4 Kc4 51. Kd2 Nf4 52. Bg3 Nxd3 53. Bxd6 Nc5 54. Bxc5 Kxc5 55. Kd3 Kd5 56. f4 Kc5 57. g5 Kd5 58. f5 1-0

[Event "HUN-chT2 9900"]
[Site "Hungary"]
[Date "2000.01.23"]
[Round "6"]
[White "Horvath, Lajos"]
[Black "Farkas, Lajos"]
[Result "1-0"]
[WhiteElo "2185"]
[BlackElo "2185"]
[PlyCount "74"]
[EventDate "1999.09.26"]
[EventType "team"]
[EventRounds "11"]
[EventCountry "HUN"]
[SourceTitle "EXT 2002"]
[Source "ChessBase"]
[SourceDate "2001.11.25"]
[SourceVersion "1"]
[SourceVersionDate "2001.11.25"]
[SourceQuality "1"]

1. e4 c5 2. Nf3 Nc6 3. d4 cxd4 4. Nxd4 Nf6 5. Nc3 e5 6. Ndb5 d6 7. Bg5 a6 8. Bxf6 gxf6 9. Na3 b5 10. Nd5 Bg7 11. Bd3 0-0 12. 0-0 Ne7 13. Nxe7+ Qxe7 14. c4 f5 15. Qh5 Rb8 16. exf5 Re8 17. f6 Qxf6 18. Bxh7+ Kf8 19. cxb5 axb5 20. Be4 Ke7 21. Qf3 Qxf3 22. Bxf3 e4 23. Bxe4 Bxb2 24. Rae1 Bxa3 25. Bc6+ Be6 26. Bxe8 Kxe8 27. f4 Kf8 28. Rf3 Bc5+ 29. Kh1 Bxa2 30. Rh3 Kg7 31. Rg3+ Kf6 32. Rg5 b4 33. g4 Be6 34. h3 b3 35. Rh5 b2 36. Rb1 Ba2 37. Rf5+ Kg7 1-0

[Event "HUN-chT2 9900"]
[Site "Hungary"]
[Date "1999.10.03"]
[Round "2"]
[White "Lazar, Janos"]
[Black "Horvath, Lajos"]
[Result "1/2-1/2"]
[WhiteElo "2158"]
[BlackElo "2185"]
[PlyCount "49"]
[EventDate "1999.09.26"]
[EventType "team"]
[EventRounds "11"]
[EventCountry "HUN"]
[SourceTitle "EXT 2002"]
[Source "ChessBase"]
[SourceDate "2001.11.25"]
[SourceVersion "1"]
[SourceVersionDate "2001.11.25"]
[SourceQuality "1"]

1. e4 e5 2. Nc3 Nf6 3. f4 d5 4. exd5 e4 5. d3 Bb4 6. Bd2 exd3 7. Bxd3 0-0 8. Qf3 g6 9. Nge2 Bg4 10. Qg3 Bxe2 11. Bxe2 Nxd5 12. 0-0-0 Nxc3 13. Bxc3 Qe7 14. Rhe1 Qc5 15. Bxb4 Qxb4 16. f5 Nc6 17. fxg6 hxg6 18. Bf3 Qa5 19. Bd5 Kg7 20. Bxc6 bxc6 21. Rd7 Qxa2 22. Qc3+ Kg8 23. Ree7 Rad8 24. Qf6 Qa1+ 25. Kd2 1/2-1/2

[Event "HUN-chT2 9899"]
[Site "Hungary"]
[Date "1999.??.??"]
[Round "?"]
[White "Kevei, Peter"]
[Black "Horvath, Lajos"]
[Result "1/2-1/2"]
[WhiteElo "2128"]
[BlackElo "2180"]
[PlyCount "59"]
[EventDate "1998.??.??"]
[EventType "team"]
[EventRounds "12"]
[EventCountry "HUN"]
[SourceTitle "EXT 2000"]
[Source "ChessBase"]
[SourceDate "1999.11.16"]
[SourceVersion "1"]
[SourceVersionDate "1999.11.16"]
[SourceQuality "1"]

1. e4 e5 2. Nf3 Nf6 3. d4 Nxe4 4. Bd3 d5 5. Nxe5 Nd7 6. Nxd7 Bxd7 7. 0-0 Qh4 8. c4 0-0-0 9. c5 g5 10. f3 Nf6 11. Be3 g4 12. g3 Qh5 13. f4 Re8 14. Qd2 Ne4 15. Bxe4 Rxe4 16. Nc3 Re7 17. f5 c6 18. Bg5 Re8 19. Na4 Rg8 20. Bf4 Bg7 21. Rad1 Re4 22. Qa5 Rxf4 23. Rxf4 Bh6 24. Nb6+ axb6 25. Qa8+ Kc7 26. Qxg8 Bxf4 27. cxb6+ Kxb6 28. Qd8+ Bc7 29. Qxd7 Qg5 30. Qe8 1/2-1/2

[Event "HUN-chT2 9798"]
[Site "Hungary"]
[Date "1998.??.??"]
[Round "?"]
[White "Gal, Jozsef Istvan"]
[Black "Horvath, Lajos"]
[Result "1-0"]
[WhiteElo "2295"]
[BlackElo "2180"]
[PlyCount "61"]
[EventDate "1997.??.??"]
[EventType "team"]
[EventRounds "11"]
[EventCountry "HUN"]
[SourceTitle "EXT 1999"]
[Source "ChessBase"]
[SourceDate "1998.11.16"]
[SourceVersion "1"]
[SourceVersionDate "1998.11.16"]
[SourceQuality "1"]

1. d4 Nf6 2. Nf3 d5 3. Bf4 g6 4. e3 Bg7 5. Be2 0-0 6. Nc3 c6 7. Ne5 Nbd7 8. h4 Ne4 9. Nxd7 Nxc3 10. bxc3 Bxd7 11. h5 Re8 12. hxg6 fxg6 13. Bd3 e5 14. dxe5 Bxe5 15. Bxe5 Rxe5 16. Qd2 Qa5 17. Rh4 Rf8 18. Ke2 Rg5 19. Rh2 Bf5 20. e4 Bg4+ 21. f3 Re5 22. fxg4 Qc5 23. Rf1 dxe4 24. Rxf8+ Kxf8 25. Qf4+ Kg8 26. Bxe4 g5 27. Qe3 Qe7 28. Kf3 Qf6+ 29. Ke2 Qe6 30. Kd3 Qd6+ 31. Qd4 1-0